[Event "Brazil AXPG op 1st"]
[Site "Ponta Grossa"]
[Date "2017.10.29"]
[Round "6"]
[White "Franco Pinanez, Miguel Augusto"]
[Black "Ferrero, Carlos E"]
[Result "1-0"]
[WhiteElo "1694"]
[BlackElo "1932"]
[PlyCount "61"]
[EventDate "2017.10.26"]
[EventType "swiss"]
[EventRounds "7"]
[EventCountry "BRA"]
[SourceTitle "CBM 181 Extra"]
[Source "ChessBase"]
[SourceDate "2017.12.12"]
[SourceVersion "1"]
[SourceVersionDate "2017.12.12"]
[SourceQuality "1"]

1. e4 e5 2. Nf3 Nf6 3. Nxe5 d6 4. Nf3 Nxe4 5. Nc3 Nxc3 6. dxc3 Be7 7. Bf4 0-0 8. Qd2 Re8 9. 0-0-0 Nd7 10. h4 Nf8 11. h5 Bg4 12. Bd3 h6 13. Rdg1 Ne6 14. Be3 Bf6 15. Kb1 Nc5 16. Nh2 Bxh5 17. g4 Bg6 18. Bxg6 fxg6 19. g5 hxg5 20. Ng4 c6 21. f3 Ne6 22. Qh2 Nf8 23. Nxf6+ gxf6 24. Bd4 Kf7 25. Qh8 c5 26. Rh7+ Ke6 27. Qg8+ Kf5 28. Qd5+ Re5 29. Bxe5 dxe5 30. Qe4+ Ke6 31. Qc4+ 1-0

[Event "Brazil AXPG op 1st"]
[Site "Ponta Grossa"]
[Date "2017.10.28"]
[Round "5"]
[White "Goncalves, Jorge Roberto"]
[Black "Franco Pinanez, Miguel Augusto"]
[Result "1/2-1/2"]
[WhiteElo "1982"]
[BlackElo "1694"]
[PlyCount "95"]
[EventDate "2017.10.26"]
[EventType "swiss"]
[EventRounds "7"]
[EventCountry "BRA"]
[SourceTitle "CBM 181 Extra"]
[Source "ChessBase"]
[SourceDate "2017.12.12"]
[SourceVersion "1"]
[SourceVersionDate "2017.12.12"]
[SourceQuality "1"]

1. d4 Nf6 2. Bf4 g6 3. e3 Bg7 4. h3 0-0 5. Nf3 c5 6. c3 d6 7. Be2 Be6 8. Nbd2 Qb6 9. dxc5 dxc5 10. Qc1 Nc6 11. 0-0 a6 12. Ng5 Bd7 13. Nc4 Qd8 14. Rd1 Rc8 15. Ne5 Nxe5 16. Bxe5 Qe8 17. Bh2 h6 18. Nf3 Be6 19. c4 Rd8 20. Bd3 Qa4 21. b3 Qa5 22. Be5 Nh5 23. Qb2 Bxe5 24. Qxe5 Qb6 25. g4 Nf6 26. Qf4 Kg7 27. Ne5 g5 28. Qg3 Nd7 29. Bc2 Qc7 30. f4 Nxe5 31. fxe5 b6 32. Be4 Rxd1+ 33. Rxd1 Rd8 34. Bd5 Bc8 35. Rf1 e6 36. Be4 Bb7 37. Bxb7 Qxb7 38. Qf2 Qe7 39. Qb2 Rd3 40. Qe2 Qd8 41. Qf3 Rd7 42. Kg2 Qc7 43. Qf6+ Kg8 44. h4 Qb7+ 45. Rf3 Qe4 46. hxg5 Qxg4+ 47. Kf2 hxg5 48. Ke2 1/2-1/2

[Event "Brazil AXPG op 1st"]
[Site "Ponta Grossa"]
[Date "2017.10.27"]
[Round "3"]
[White "Chemin, Vitorio"]
[Black "Franco Pinanez, Miguel Augusto"]
[Result "1-0"]
[WhiteElo "2142"]
[BlackElo "1694"]
[PlyCount "80"]
[EventDate "2017.10.26"]
[EventType "swiss"]
[EventRounds "7"]
[EventCountry "BRA"]
[SourceTitle "CBM 181 Extra"]
[Source "ChessBase"]
[SourceDate "2017.12.12"]
[SourceVersion "1"]
[SourceVersionDate "2017.12.12"]
[SourceQuality "1"]

1. d4 d5 2. Nf3 Nf6 3. c4 c6 4. cxd5 cxd5 5. Nc3 Nc6 6. Bf4 a6 7. a3 Bg4 8. Ne5 Bf5 9. e3 Rc8 10. Be2 e6 11. g4 Bg6 12. h4 h6 13. Nxg6 fxg6 14. Bd3 Bd6 15. Bxg6+ Kf8 16. Bxd6+ Qxd6 17. Qf3 Ne7 18. Bd3 e5 19. Qg3 Nd7 20. 0-0 Qe6 21. Rac1 e4 22. Be2 g6 23. f3 Kg7 24. fxe4 dxe4 25. Qg2 Nd5 26. Qxe4 Qxe4 27. Nxe4 Nxe3 28. Nd6 Rxc1 29. Rxc1 b5 30. Rc7 Rd8 31. Bf3 Kg8 32. Kf2 Nf6 33. Kxe3 Rxd6 34. g5 hxg5 35. hxg5 Nd5+ 36. Bxd5+ Rxd5 37. Rc5 Rd6 38. d5 Kf7 39. Kd4 Rd7 40. Rc6 Rb7 1-0

[Event "PAR-ch sf"]
[Site "Asuncion"]
[Date "2017.08.16"]
[Round "8"]
[White "Pereira, Sergio1111"]
[Black "Franco Pinanez, Miguel Augusto"]
[Result "1/2-1/2"]
[WhiteElo "2006"]
[BlackElo "1690"]
[PlyCount "152"]
[EventDate "2017.08.11"]
[EventType "swiss"]
[EventRounds "9"]
[EventCountry "PAR"]
[SourceTitle "CBM 180 Extra"]
[Source "ChessBase"]
[SourceDate "2017.10.06"]
[SourceVersion "1"]
[SourceVersionDate "2017.10.06"]
[SourceQuality "1"]

1. d4 Nf6 2. c4 c5 3. d5 b5 4. Qc2 b4 5. e4 d6 6. h3 g6 7. Nf3 Bg7 8. Bd3 Nbd7 9. Bf4 0-0 10. 0-0 a5 11. a3 a4 12. axb4 cxb4 13. Rxa4 b3 14. Qd2 Rxa4 15. Nc3 Ra8 16. Bh6 Nc5 17. Bb1 Ba6 18. Qg5 e6 19. Rd1 exd5 20. cxd5 Nfd7 21. Qd2 Re8 22. Nd4 Ne5 23. Bg5 Qd7 24. f4 Nc4 25. Qf2 Rac8 26. Nc6 Bb7 27. Nd4 Na4 28. Nxa4 Qxa4 29. Nf3 Nxb2 30. Re1 Qb4 31. Qh4 Bxd5 32. f5 Bxe4 33. Bxe4 d5 34. Bd2 Rxe4 35. Bxb4 Rxh4 36. Nxh4 Nd3 37. Rb1 Nxb4 38. Rxb3 Bf8 39. Nf3 Rc4 40. Ne5 Re4 41. Nd7 Nc6 42. Nf6+ Kg7 43. Nxe4 dxe4 44. fxg6 hxg6 45. Kf1 f5 46. Rb7+ Be7 47. Rc7 Kh6 48. Rxc6 Bh4 49. Rc3 Bf6 50. Rc6 Be5 51. Rc5 Bh2 52. Rc3 f4 53. Rc4 e3 54. Ke2 g5 55. Kf3 Bg3 56. Re4 Kg6 57. Kg4 Kf6 58. Kf3 Kf5 59. Re8 Bh4 60. Ke2 Bg3 61. Rf8+ Ke5 62. Rg8 Bh4 63. Rg6 Kf5 64. Ra6 Ke5 65. Ra5+ Ke4 66. Rb5 Kd4 67. Rb4+ Ke5 68. Kf3 Bg3 69. Re4+ Kf5 70. Re8 Bh4 71. Rf8+ Ke5 72. Kg4 Ke4 73. Re8+ Kd3 74. Kf3 Kd4 75. Ke2 Kd5 76. Kd3 Kc5 1/2-1/2